00891nam a22002297a 450000500170000001000150001702000270003203500130005903700130007208200150008510000280010024500760012825000590020426000430026327001030030630000270040950000190043670000180045594200290047399900170050295201420051920140318125831.0 aENG-109452 c1995.00a9789350353417 aEN-92985 bDBAD/PUB a346.540482 aSrinivasa Iyengar, T. R00aIyengar's commentary on the copyright act /cby T.R. Srinivasa Iyengar  a8th thoroughly rev updated and enl ed by Raghbir Singh aDelhibUniversal Law Publishing c2013 aC-FF-1A, Dilkhush Industrial Estate, (Near Azadpur Metro Station) G.T. Karnal Road,bDelhie110033 alxxvi,1324p.c25cm(Hb) aIncludes index aRaghbir Singh 2ddccENmIYEh346.540482 c82723d82723 001040718NFICaDBADbDBADd2014-02-25eDBAD/PUBg1995.00l0o346.540482 IYEpEN-92985r2014-02-25 00:00:00t1v1995.00w2014-02-25yEN